00409nam a22001457a 450000500170000000800410001702000150005808200210007310000250009424500530011926000530017230000130022565000120023865000130025020240213042901.0240213b |||||||| |||| 00| 0 eng d a8120605179 222a305.8.bCEY. aSirr, Charles Henry. aCeylon and the Cingalese :cHendry Charles Sirr. aNew Delhi :bAsian Educational services /c1991. axv, 381. aHistory aReligion